عرض عادي
عرض مارك
- Law and ethics
دخول Topical Term
001 - CONTROL NUMBER
- control field: 7773
003 - CONTROL NUMBER IDENTIFIER
- control field: AE-AdECS
005 - DATE AND TIME OF LATEST TRANSACTION
- control field: 20241108093221.0
008 - FIXED-LENGTH DATA ELEMENTS
- fixed length control field: 241108|| aca||aabn | a|a d
040 ## - CATALOGING SOURCE
- Original cataloging agency: AE-AdECS
- Transcribing agency: AE-AdECS
150 ## - HEADING--TOPICAL TERM
- Topical term or geographic name entry element: Law and ethics
670 ## - SOURCE DATA FOUND
- Source citation: Work cat.: (AE-AdECS)287951: Ethics, integrity and policymaking :
